[Event "GEO-ch (Women)"]
[Site "Tbilisi"]
[Date "2010.01.14"]
[Round "6"]
[White "Tsereteli, Tamari"]
[Black "Purtseladze, Maka"]
[Result "1/2-1/2"]
[WhiteElo "2403"]
[BlackElo "2306"]
[PlyCount "137"]
[EventDate "2010.01.09"]
[EventType "tourn"]
[EventRounds "13"]
[EventCountry "GEO"]
[EventCategory "5"]
[SourceTitle "CBM 134 Extra"]
[Source "ChessBase"]
[SourceDate "2010.03.03"]
[SourceVersion "1"]
[SourceVersionDate "2010.03.03"]
[SourceQuality "1"]

1. e4 c6 2. d4 d5 3. exd5 cxd5 4. c4 Nf6 5. Nc3 e6 6. Nf3 Bb4 7. cxd5 Nxd5 8. Qc2 Nc6 9. Bd3 Ba5 10. a3 Nxc3 11. bxc3 Nxd4 12. Nxd4 Qxd4 13. Bb5+ Bd7 14. 0-0 Qd5 15. c4 Qf5 16. Bxd7+ Kxd7 17. Qb3 Rhc8 18. a4 Bb6 19. Ba3 Ke8 20. Rad1 Bc5 21. Qb5+ Kf8 22. Bxc5+ Rxc5 23. Qxb7 Rac8 24. Qxa7 R5c7 25. Qd4 h6 26. Qh4 Qg5 27. Qxg5 hxg5 28. Rd4 e5 29. Rd5 f6 30. c5 Rxc5 31. Rxc5 Rxc5 32. Ra1 Ra5 33. Kf1 Ke7 34. Ke2 Kd6 35. Kd3 Kc5 36. Rc1+ Kd5 37. Ra1 e4+ 38. Kc3 Kc5 39. Kb3 f5 40. Rc1+ Kb6 41. Rd1 Re5 42. Kc4 Re6 43. Rb1+ Ka6 44. Rb5 g6 45. Kd4 e3 46. fxe3 Re4+ 47. Kd3 Rxa4 48. Re5 Ra2 49. g3 Rxh2 50. Re6+ Kb7 51. Rxg6 g4 52. e4 fxe4+ 53. Kxe4 Kc7 54. Rxg4 Kd7 55. Rf4 Ke6 56. Kf3 Rh7 57. Ke4 Ra7 58. Rf8 Ra1 59. Rf4 Ra4+ 60. Kf3 Rxf4+ 61. Kxf4 Kf6 62. g4 Kg6 63. g5 Kg7 64. Kf5 Kf7 65. g6+ Kg7 66. Kg5 Kg8 67. Kf6 Kf8 68. g7+ Kg8 69. Kg6 1/2-1/2

[Event "GEO-ch (Women)"]
[Site "Tbilisi"]
[Date "2010.01.13"]
[Round "5"]
[White "Mikadze, Miranda"]
[Black "Tsereteli, Tamari"]
[Result "1/2-1/2"]
[WhiteElo "2326"]
[BlackElo "2403"]
[PlyCount "76"]
[EventDate "2010.01.09"]
[EventType "tourn"]
[EventRounds "13"]
[EventCountry "GEO"]
[EventCategory "5"]
[SourceTitle "CBM 134 Extra"]
[Source "ChessBase"]
[SourceDate "2010.03.03"]
[SourceVersion "1"]
[SourceVersionDate "2010.03.03"]
[SourceQuality "1"]

1. d4 d5 2. Nf3 Nf6 3. Bf4 c5 4. e3 Nc6 5. c3 Qb6 6. Qb3 c4 7. Qc2 Bf5 8. Qc1 e6 9. Nbd2 h6 10. h3 Qa5 11. Be2 b5 12. b4 Nxb4 13. cxb4 Bxb4 14. a3 Bc3 15. Ra2 Ne4 16. 0-0 Bxd2 17. Rxd2 Nxd2 18. Nxd2 0-0 19. Bf3 Bd3 20. Rd1 Qb6 21. Nb3 b4 22. axb4 Qxb4 23. Nc5 a5 24. e4 dxe4 25. Nxe4 Rad8 26. Bxh6 gxh6 27. Qxh6 Bxe4 28. Bxe4 f5 29. Qg6+ Kh8 30. Qh6+ Kg8 31. Qg6+ Kh8 32. Qh6+ Kg8 33. Qxe6+ Kg7 34. Qe5+ Kg6 35. Qg3+ Kf6 36. Qe5+ Kg6 37. Qe6+ Kg7 38. Qe5+ Kg6 1/2-1/2

[Event "Istanbul op 8th"]
[Site "Istanbul"]
[Date "2009.09.05"]
[Round "8"]
[White "Esen, Baris"]
[Black "Tsereteli, Tamari"]
[Result "1/2-1/2"]
[WhiteElo "2488"]
[BlackElo "2365"]
[PlyCount "284"]
[EventDate "2009.08.31"]
[EventType "swiss"]
[EventRounds "9"]
[EventCountry "TUR"]
[SourceTitle "CBM 132 Extra"]
[Source "ChessBase"]
[SourceDate "2009.11.03"]
[SourceVersion "1"]
[SourceVersionDate "2009.11.03"]
[SourceQuality "1"]

1. d4 d5 2. c4 e6 3. Nf3 Nf6 4. Nc3 Bb4 5. cxd5 exd5 6. Bg5 0-0 7. Rc1 c6 8. e3 Nbd7 9. Bd3 Re8 10. 0-0 Be7 11. Qc2 Nf8 12. h3 Nh5 13. Bxe7 Qxe7 14. Rb1 Ng6 15. b4 a6 16. a4 b5 17. Rfc1 Qf6 18. Qd1 Nh4 19. Nxh4 Qxh4 20. Qf3 Nf6 21. Ra1 Bd7 22. Ra2 Ne4 23. axb5 Nxc3 24. Rxc3 axb5 25. Rca3 Rxa3 26. Rxa3 Qe7 27. Ra7 Rd8 28. Bf5 g6 29. Qg4 Bxf5 30. Rxe7 Bxg4 31. hxg4 g5 32. Rc7 Rd6 33. Kf1 Kg7 34. Ke2 Re6 35. Kd3 Rf6 36. Ke2 Re6 37. Rc8 Rf6 38. Re8 Re6 39. Rd8 Rh6 40. Rd7 Re6 41. f3 Rf6 42. Ra7 Re6 43. Ra1 Kf8 44. Rh1 Kg7 45. Kd3 Rf6 46. Rc1 Kf8 47. Rc5 h6 48. e4 dxe4+ 49. Kxe4 Ke7 50. Re5+ Kd6 51. g3 Re6 52. Kf5 Rg6 53. f4 gxf4 54. gxf4 Rg8 55. Rc5 Re8 56. Re5 Rg8 57. Rc5 Re8 58. Rc2 Re6 59. Ra2 Kd5 60. Ra7 Kxd4 61. Rxf7 Rd6 62. Rf6 Rxf6+ 63. Kxf6 c5 64. bxc5 Kxc5 65. Kg7 b4 66. f5 b3 67. f6 b2 68. f7 b1Q 69. f8Q+ Kd4 70. Qf4+ Kc3 71. Qe3+ Kc4 72. Qe6+ Kc3 73. Kxh6 Qh1+ 74. Kg6 Kd2 75. g5 Qf3 76. Qa2+ Kc1 77. Qc4+ Kd1 78. Qd4+ Kc1 79. Qc5+ Kd2 80. Qb4+ Kc1 81. Kg7 Qf5 82. Qc3+ Kb1 83. g6 Qd7+ 84. Kh6 Qe6 85. Qd3+ Ka1 86. Kh7 Qe5 87. Qf1+ Kb2 88. Qf2+ Ka1 89. Qa7+ Kb1 90. Qb7+ Kc2 91. Qc6+ Kd1 92. g7 Qh5+ 93. Kg8 Qf5 94. Qh1+ Ke2 95. Kh8 Qe5 96. Qg2+ Ke1 97. Qg1+ Kd2 98. Qf2+ Kc1 99. Qh4 Kb1 100. Qg4 Qh2+ 101. Kg8 Qb8+ 102. Kf7 Qc7+ 103. Kf6 Qd8+ 104. Kf7 Qc7+ 105. Kg6 Qd6+ 106. Kh5 Qe5+ 107. Kh6 Qh2+ 108. Qh5 Qf4+ 109. Kh7 Qc7 110. Kh8 Qc3 111. Qf5+ Ka1 112. Kh7 Qc7 113. Qf1+ Kb2 114. Qg2+ Ka1 115. Kh8 Qe5 116. Qa8+ Kb2 117. Qb7+ Ka1 118. Qa6+ Kb2 119. Qb6+ Ka1 120. Qh6 Kb2 121. Qd2+ Ka1 122. Qd1+ Kb2 123. Qh1 Ka2 124. Qh3 Kb2 125. Qh4 Ka2 126. Kg8 Qe6+ 127. Kf8 Qf5+ 128. Ke7 Qe5+ 129. Kf7 Qd5+ 130. Kg6 Qe6+ 131. Qf6 Qg4+ 132. Kf7 Qd7+ 133. Kf8 Qc8+ 134. Ke7 Qc7+ 135. Ke6 Qc6+ 136. Ke5 Qc3+ 137. Kf5 Qf3+ 138. Kg6 Qg4+ 139. Kh7 Qh5+ 140. Kg8 Qe8+ 141. Qf8 Qe5 142. Qf7+ Kb2 1/2-1/2

[Event "Tbilisi Municipality Cup"]
[Site "Tbilisi"]
[Date "2009.06.23"]
[Round "9"]
[White "Lortkipanidze, Nodar"]
[Black "Tsereteli, Tamari"]
[Result "0-1"]
[WhiteElo "2223"]
[BlackElo "2365"]
[PlyCount "74"]
[EventDate "2009.06.15"]
[EventType "swiss"]
[EventRounds "9"]
[EventCountry "GEO"]
[SourceTitle "CBM 130 Extra"]
[Source "ChessBase"]
[SourceDate "2009.07.02"]
[SourceVersion "2"]
[SourceVersionDate "2009.07.15"]
[SourceQuality "1"]

1. e4 c5 2. c3 Nf6 3. e5 Nd5 4. d4 cxd4 5. Qxd4 e6 6. Nf3 Nc6 7. Qe4 Qc7 8. g3 b6 9. Bg2 Bb7 10. 0-0 d6 11. c4 Ndb4 12. exd6 Bxd6 13. Qe2 Ne5 14. Nxe5 Bxg2 15. Nxf7 Bxf1 16. Qxe6+ Qe7 17. Nxd6+ Kf8 18. Qf5+ Qf6 19. Qe4 Rd8 20. Bf4 Bd3 21. Qe3 Rxd6 22. Bxd6+ Qxd6 23. Nc3 Nc2 24. Qf3+ Qf6 25. Qa8+ Kf7 26. Qb7+ Qe7 27. Qd5+ Qe6 28. Qb7+ Qe7 29. Qf3+ Qf6 30. Qd5+ Qe6 31. Qxd3 Nxa1 32. Ne4 h6 33. f3 Rf8 34. b4 Kg8 35. Kg2 b5 36. c5 Qxa2+ 37. Kh3 Qc4 0-1

[Event "Stockholm SCT op (Women)"]
[Site "Stockholm"]
[Date "2008.03.22"]
[Round "5"]
[White "Tsereteli, Tamari"]
[Black "Maisuradze, Nino"]
[Result "1-0"]
[WhiteElo "2365"]
[BlackElo "2270"]
[PlyCount "97"]
[EventDate "2008.03.20"]
[EventType "swiss"]
[EventRounds "9"]
[EventCountry "SWE"]
[SourceTitle "CBM 123 Extra"]
[Source "ChessBase"]
[SourceDate "2008.05.06"]
[SourceVersion "1"]
[SourceVersionDate "2008.05.06"]
[SourceQuality "1"]

1. e4 d6 2. d4 g6 3. g3 Bg7 4. Bg2 c5 5. Ne2 Nd7 6. 0-0 Rb8 7. a4 b6 8. c4 a6 9. Nbc3 e6 10. Be3 Ne7 11. Qd2 0-0 12. Bh6 Qc7 13. Bxg7 Kxg7 14. Rad1 e5 15. dxe5 dxe5 16. f4 Nc6 17. Nd5 Qd6 18. Bh3 f6 19. Bxd7 Bxd7 20. Nxf6 Qxd2 21. Rxd2 Bh3 22. Nd7 Bxf1 23. Nxb8 Rxb8 24. Kxf1 exf4 25. gxf4 Na5 26. Rd7+ Kh6 27. Nc3 Nxc4 28. b3 Na5 29. Nd5 Nxb3 30. Nf6 Rh8 31. e5 Nd4 32. Kf2 b5 33. axb5 axb5 34. Ne4 Ne6 35. Kg3 b4 36. Rb7 Rc8 37. Re7 Nd4 38. Kg4 b3 39. Ng5 Rh8 40. Nf7+ Kg7 41. Nxh8+ Kxh8 42. Kg5 Kg8 43. Kf6 Kf8 44. Rb7 Ke8 45. e6 Nc6 46. Rxb3 Nb4 47. Ra3 Nd5+ 48. Ke5 Nb6 49. Ra6 1-0

[Event "Stockholm SCT op (Women)"]
[Site "Stockholm"]
[Date "2008.03.21"]
[Round "3"]
[White "Tsereteli, Tamari"]
[Black "Cherenkova, Kristina"]
[Result "1/2-1/2"]
[WhiteElo "2365"]
[BlackElo "2256"]
[PlyCount "122"]
[EventDate "2008.03.20"]
[EventType "swiss"]
[EventRounds "9"]
[EventCountry "SWE"]
[SourceTitle "CBM 123 Extra"]
[Source "ChessBase"]
[SourceDate "2008.05.06"]
[SourceVersion "1"]
[SourceVersionDate "2008.05.06"]
[SourceQuality "1"]

1. e4 e5 2. Nf3 Nf6 3. Nc3 Nc6 4. Bb5 Bb4 5. 0-0 0-0 6. d3 d6 7. Bg5 Bxc3 8. bxc3 Qe7 9. Bxc6 bxc6 10. h3 Rb8 11. Nh2 h6 12. Be3 d5 13. exd5 Nxd5 14. Qd2 Nxe3 15. Qxe3 Qg5 16. Qxg5 hxg5 17. Nf3 f6 18. Rfb1 Bd7 19. Nd2 c5 20. c4 Ba4 21. Nb3 a5 22. Rc1 Bxb3 23. axb3 Ra8 24. Ra4 Ra6 25. Rca1 Rfa8 26. Kf1 Kf7 27. Ke2 Ke6 28. c3 Rb8 29. b4 Rab6 30. b5 c6 31. bxc6 Rxc6 32. Rxa5 g6 33. Ra6 Rbb6 34. Ra8 Kf5 35. Ke3 g4 36. hxg4+ Kxg4 37. R1a5 Rb3 38. R8a6 Rxa6 39. Rxa6 Kf5 40. Rc6 Rxc3 41. Rxc5 Ra3 42. Rb5 g5 43. f3 g4 44. Rb8 Ra2 45. fxg4+ Kxg4 46. Rg8+ Kf5 47. g4+ Ke6 48. d4 exd4+ 49. Kxd4 Ra5 50. Re8+ Kd7 51. Re4 f5 52. Rf4 fxg4 53. Rxg4 Rh5 54. Rg7+ Kc6 55. Rg6+ Kc7 56. c5 Rh4+ 57. Kd5 Rh5+ 58. Kc4 Rh1 59. Rg7+ Kc6 60. Rg6+ Kc7 61. Kb5 Rb1+ 1/2-1/2